000 00765nam a2200289Ia 4500
005 20260324123739.0
008 008 260324s9999 xx 000 0 eng d
020 _a9781315221212
037 _aEBOOK
040 _aCRL
040 _beng
040 _cCRL
041 _2eng
041 _aeng
084 _qCRL
100 _aCharles Casimiro Cavalcante; Romis Attux; João Marcos Travassos Romano; Ricardo Suyama
_91171497
245 0 _aUnsupervised Signal Processing
245 0 _bChannel Equalization and Source Separation
260 _bTaylor and Francis
260 _c2011
365 _a
365 _b370
856 _uhttp://www.taylorfrancis.com/books/9781315221212
942 _cEBOOK
999 _c1765278
_d1765278